Statistics for Countries with most indigenous peoples

Click here to take the quiz!

General Stats

  • This quiz has been taken 37 times
  • The average score is 6 of 14

Answer Stats

PercentCountry% Correct
41.0Bolivia
69%
16.5New Zealand
66%
43.8Guatemala
57%
96.0Samoa
54%
25.0Kenya
51%
33.0Algeria
43%
33.0Laos
37%
28.0Morocco
37%
14.7Vietnam
37%
16.0Libya
34%
15.0Philippines
34%
36.0Nepal
31%
88.9Greenland
20%
80.0French Polynesia
14%

Score Distribution

Percentile by Number Answered

Percent of People with Each Score

Your Score History

You have not taken this quiz